Países e desertos - Statistics

Estatísticas Gerais
  • Esse quiz foi jogado 62 vezes
  • A pontuação média é 32 de 59
Estatísticas das Respostas
Respostas % Correto
Chile
85%
Egito
83%
Índia
83%
Marrocos
83%
Argélia
81%
Líbia
81%
Argentina
79%
China
79%
Irã
79%
Estados Unidos
77%
Mali
77%
México
75%
Sudão
75%
Peru
73%
Tunísia
73%
Arábia Saudita
71%
Paquistão
71%
Austrália
69%
Iraque
69%
Iraque
69%
Chade
67%
Israel
67%
Omã
65%
Mauritânia
63%
Emirados Árabes Unidos
60%
Níger
60%
Síria
60%
África do Sul
58%
Turcomenistão
58%
Angola
56%
Cazaquistão
56%
Iêmen
56%
Mongólia
56%
Senegal
56%
Uzbequistão
56%
Afeganistão
54%
Jordânia
54%
Jordânia
54%
Namíbia
54%
Nigéria
54%
Etiópia
52%
Catar
50%
Quirguistão
48%
Kuwait
46%
Bahrein
44%
Botswana
44%
Quênia
42%
Eritreia
40%
Colômbia
33%
Nova Zelândia
29%
Venezuela
29%
Espanha
25%
Grécia
19%
Itália
15%
Ucrânia
13%
Islândia
6%
Sérvia
6%
Polônia
4%
Bulgária
2%
Nenhum quiz correspondente encontrado
Distribuição das Pontuações
Porcentagem de Pessoas com Cada Pontuação
Percentil de Números Respondidos
Sua Pontuação Histórica
Você não jogou esse quiz